| 000 -ლიდერი |
| ფიქსირებული სიგრძის საკონტროლო ველი |
01942nam a2200289Ia 4500 |
| 001 - საკონტროლო ნომერი |
| საკონტროლო ველი |
3543 |
| 003 - საკონტროლო ნომრის იდენტიფიკატორი |
| საკონტროლო ველი |
GE_BSU |
| 005 - ბოლო ოპერაციის თარიღი და დრო |
| საკონტროლო ველი |
20230314162645.0 |
| 008 - ფიქსირებული სიგრძის მონაცემთა ელემენტები - ზოგადი ინფორმაცია |
| ფიქსირებული სიგრძის საკონტროლო ველი |
181216s2011||||ge |||||||||||||| ||geo|| |
| 020 ## - წიგნის საერთაშორისო სტანდარტული ნომერი |
| International Standard Book Number |
9789941038899 |
| 040 ## - კატალოგიზაციის წყარო |
| Transcribing agency |
GE_BSU |
| 041 ## - ენის კოდი |
| Language code of text/sound track or separate title |
geo |
| 080 ## - უნივერსალური ათობითი კლასიფიკაციის ინდექსი |
| Universal Decimal Classification number |
342.7 ბ-15 |
| 245 ## - ცნობა სათაურის შესახებ |
| Title |
ბავშვზე ძალადობის ძირითადი საკითხები : |
| Remainder of title |
საკითხავი მასალა სტუდენტებისთვის / |
| Statement of responsibility, etc |
ავტ.: ეკატერინე (ქეთევან) თავართქილაძე, ქეთევან დავითიშვილი, ირინა შარაბიძე და სხვ.; რედ. თამთა ფარულავა ; წინასიტყვ. ლია სარალიძე] ; საქ. საზ. ჯანდაცვის და მედიცინის განვითარების ფონდი. |
| 264 ## - წარმოების, გამოცემის, დისტრიბუციის და სხვა ცნობები |
| გამოცემის, წარმოების, დისტრიბუციის... ადგილი |
თბილისი , |
| გამოცემის, წარმოების, დისტრიბუციის... თარიღი |
2011. |
| 300 ## - ფიზიკური აღწერა |
| Extent |
204 გვ. : |
| Other physical details |
ცხრ.; |
| Dimensions |
30 სმ. |
| 653 ## - INDEX TERM--UNCONTROLLED |
| Uncontrolled term |
ძალადობა ბავშვის მიმართ |
| 700 ## - ADDED ENTRY--PERSONAL NAME |
| Personal name |
თავართქილაძე, ეკატერინე |
| Relator term |
ავტორი |
| 9 (RLIN) |
2784 |
| 700 ## - ADDED ENTRY--PERSONAL NAME |
| Personal name |
დავითიშვილი, ქეთევან |
| Relator term |
ავტორი |
| 9 (RLIN) |
2785 |
| 700 ## - ADDED ENTRY--PERSONAL NAME |
| Personal name |
შარაბიძე, ირინა |
| Relator term |
ავტორი |
| 9 (RLIN) |
2786 |
| 700 ## - ADDED ENTRY--PERSONAL NAME |
| Personal name |
გოგიჩაძე, ნინო |
| Relator term |
ავტორი |
| 9 (RLIN) |
2759 |
| 700 ## - ADDED ENTRY--PERSONAL NAME |
| Personal name |
მარგალიტაძე, ქეთევან |
| Relator term |
ავტორი |
| 9 (RLIN) |
2787 |
| 700 ## - ADDED ENTRY--PERSONAL NAME |
| Personal name |
მელიქიშვილი, მანანა |
| Relator term |
ავტორი |
| 9 (RLIN) |
2788 |
| 700 ## - ADDED ENTRY--PERSONAL NAME |
| Personal name |
ფარულავა, თამთა |
| Relator term |
რედაქტორი |
| 9 (RLIN) |
2789 |
| 700 ## - ADDED ENTRY--PERSONAL NAME |
| Personal name |
სარალიძე, ლია |
| Relator term |
წინასიტყვაობა |
| 9 (RLIN) |
2790 |
| 942 ## - ADDED ENTRY ELEMENTS (KOHA) |
| Koha item type |
წიგნი |
| Source of classification or shelving scheme |
|